000 00669nam a22001935i 4500
001 177197
003 ES-MaACL
005 20250824063058.0
008 110308s1967 sp |||| | spa d
080 _a821.134.2-311.2"19"
100 1 _aSaint-Martin, Carmela,
_d1895-1989
_9145486
245 1 0 _aSeñoras de piso /
_cCarmela Saint-Martin.
260 _a[Madrid :
_bAlfaguara],
_c1967.
300 _a122 p. ;
_c17 cm.
490 1 _aLa novela popular. Contemporánea, inédita, española ;
_v66
830 0 _aLa novela popular. Contemporánea, inédita, española ;
_v66
_9188024
852 _aES-MaACL
_jE-14612
_xOlim P-213-Ter
999 _c177197
_d177197